书目信息 |
| 题名: |
马克思主义哲学史纲要
|
|
| 作者: | 庄福龄 主编 | |
| 分册: | ||
| 出版信息: | 北京 中国青年出版社 1983 |
|
| 页数: | 396页 | |
| 开本: | 19cm | |
| 丛书名: | ||
| 单 册: | ||
| 中图分类: | B17 | |
| 科图分类: | ||
| 主题词: | 马克思主义哲学--传播--世界 , 马克思主义哲学--发展--世界 | |
| 电子资源: | ||
| ISBN: | ||
| 000 | 00686nam0 2200241 45 | |
| 001 | 0183005787 | |
| 005 | 20060309102835.71 | |
| 010 | @dCNY1.15 | |
| 091 | @a2009.54 | |
| 100 | @a19950626d1983 em y0chiy0121 ea | |
| 101 | 0 | @achi |
| 102 | @aCN@b110000 | |
| 105 | @ay z 000yd | |
| 200 | 10 | @a马克思主义哲学史纲要@Ama ke si zhu yi zhe xue shi gang yao@f庄福龄主编@FZhuang Fu Ling Zhu Bian |
| 210 | @a北京@c中国青年出版社@d1983 | |
| 215 | @a396页@d19cm | |
| 606 | @a马克思主义哲学@x传播@x世界 | |
| 606 | @a马克思主义哲学@x发展@x世界 | |
| 690 | @aB17@v3 | |
| 701 | 0 | @a庄福龄@4主编 |
| 801 | 0 | @aCN@b上海图书馆@c20060309 |
| 801 | 2 | @aCN@bNLC@c20060104 |
| 905 | @dB17@e7@f1@b97489 | |
| 马克思主义哲学史纲要/庄福龄主编.-北京:中国青年出版社,1983 |
| 396页;19cm |
| ISBN :CNY1.15 |
| ● |
| 相关链接 |
|
|
|
|
正题名:马克思主义哲学史纲要
索取号:B17/7
 
预约/预借
| 序号 | 登录号 | 条形码 | 馆藏地/架位号 | 状态 | 备注 |
| 1 | 0097485 | 001124492 | 第一借阅区/ [索取号:B17/7] | 在馆 | |
| 2 | 0097486 | 202186008 | 密集书库/ [索取号:B17/7] | 在馆 | |
| 3 | 0097487 | 202190761 | 密集书库/ [索取号:B17/7] | 在馆 | |
| 4 | 0097488 | 202191243 | 密集书库/ [索取号:B17/7] | 在馆 | |
| 5 | 0097489 | 002048849 | 第一样本阅览室/ [索取号:B17/7] | 在馆 |